Температурная зависимость электрической прочности ионных кристаллов при электрической форме пробоя; Известия Академии наук СССР. Серия физическая; Т. 22, № 4

Chi tiết về thư mục
Parent link:Известия Академии наук СССР. Серия физическая/ Академия наук СССР.— , 1936-1991.— 0367-6765
Т. 22, № 4.— 1958.— С. 404-407
Tác giả chính: Кучин В. Д.
Ngôn ngữ:Tiếng Nga
Được phát hành: 1958
Những chủ đề:
Định dạng: MixedMaterials Chương của sách
KOHA link:https://koha.lib.tpu.ru/cgi-bin/koha/opac-detail.pl?biblionumber=421101

MARC

LEADER 00000naa2a2200000 4500
001 421101
005 20231101073513.0
035 |a (RuTPU)RU\TPU\prd\78791 
035 |a RU\TPU\tpu\4340 
090 |a 421101 
100 |a 20100325d1958 k y0rusy50 ca 
101 0 |a rus 
102 |a RU 
200 1 |a Температурная зависимость электрической прочности ионных кристаллов при электрической форме пробоя  |f В. Д. Кучин 
320 |a Библиогр.: 15 назв. 
461 |0 (RuTPU)RU\TPU\prd\321  |x 0367-6765  |t Известия Академии наук СССР. Серия физическая  |f Академия наук СССР  |d 1936-1991 
463 |0 (RuTPU)RU\TPU\prd\78785  |t Т. 22, № 4  |v С. 404-407  |d 1958 
610 1 |a электричество 
610 1 |a труды учёных ТПУ 
610 1 |a диэлектрики 
610 1 |a пробой 
700 1 |a Кучин  |b В. Д. 
801 0 |a RU  |b 63413507  |c 20011210  |g PSBO 
801 2 |a RU  |b 63413507  |c 20170322  |g PSBO 
942 |c BK